000 00628nam a2200241Ia 4500
003 OSt
005 20221005115501.0
006 a|||||r|||| 00| 0
007 ta
008 221004b |||||||| |||| 00| 0 mal d
024 _a55916
037 _cTextual
040 _aCRL
_cCRL
_bmal
041 _2mal
_amal
082 _aO32,3N25,13, J2
100 _aNanadkumar Au.
_9627605
245 0 _aChattayum malayum
260 _c1952
650 _a MALAYALAM LITERATURE
_938866
650 _aMALAYALAM FICTION
_9183428
942 _hO32,3N25,13, J2
_cTEXL
_2cc
999 _c1034973
_d1034973